La categoría de los casos: estudio de gramática general

Saved in:
Bibliografiske detaljer
Hovedforfatter: Hjelmslev, Louis (Author)
Format: Bog
Sprog:spansk
Udgivet: Madrid Gredos 1978
Serier:Biblioteca Románica Hispánica. Estudios y Ensayos, 279
Fag:
Tags: Tilføj Tag
Ingen Tags, Vær først til at tagge denne postø!

MARC

LEADER 00000nam a2200000 a 4500
001 UCQ2757
003 CL-VaPUC
008 980731e19780000SP |||||||||||||||||spa|d
082 0 4 |a 415  |b HJE  |2 21 
100 |a Hjelmslev, Louis  |e author  |9 519929 
245 1 3 |a La categoría de los casos: estudio de gramática general 
300 |a 345 p 
942 |c BK 
945 |d 19980731 00:00:00  |a crobeson 
260 |a Madrid  |b Gredos  |c 1978 
650 0 |a Gramática  |9 270497 
650 0 |a Morfología  |9 334440 
650 7 |a LINGUISTICA DESCRIPTIVA  |2 CL-VaPUC  |9 416815 
650 7 |a TEORIA LINGUISTICA  |2 CL-VaPUC  |9 334835 
583 |a last modification  |c 19980731 00:00:00  |k Rodrigo Vera 
490 0 |a Biblioteca Románica Hispánica. Estudios y Ensayos, 279 
999 |c 273527  |d 273525 
952 |0 0  |1 0  |4 0  |6 415_000000000000000_HJE_1978  |7 0  |8 A  |9 309160  |a BIBEDU  |b BIBEDU  |d 2019-11-20  |i 1449206  |o 415 HJE 1978  |p 1449206  |r 2019-11-20  |w 2019-11-20  |y BK  |k LIT 
952 |0 0  |1 0  |4 0  |6 415_000000000000000_HJE_1978  |7 0  |8 A  |9 309161  |a FDOPOS  |b FDOPOS  |d 2019-11-20  |i 1467832  |o 415 HJE 1978  |p 1467832  |r 2025-01-22  |w 2019-11-20  |y BK  |k MLA